Derecho penal económico /

Leyes penales en blanco. Responsabilidad penal de las personas jurídicas y de sus directivos. Delitos societarios (administración desleal; falsedad de balances). Apropiación indebida. Insolvencias punibles. Delitos fiscales. Fraude de subvenciones. Blanqueo de dinero. Delitos contra la propiedad int...

Descripción completa

Guardado en:
Formato: Libro
Idioma:Spanish
Publicado: Buenos Aires : Hammurabi, 2004
Edición:1a. ed.
Materias:
Etiquetas: Agregar Etiqueta
LEADER 00971nam a22001815a 4500
001 DER.der005120
008 180615s2004####ag#||||||||||||||#||spa||
005 20250618174853.0
245 1 0 |a Derecho penal económico /  |c dirigido por Enrique Bacigalupo. 
250 |a 1a. ed. 
260 |a Buenos Aires :  |b Hammurabi,  |c 2004 
300 |a 566 p. 
520 |a Leyes penales en blanco. Responsabilidad penal de las personas jurídicas y de sus directivos. Delitos societarios (administración desleal; falsedad de balances). Apropiación indebida. Insolvencias punibles. Delitos fiscales. Fraude de subvenciones. Blanqueo de dinero. Delitos contra la propiedad intelectual. Delitos contra el medio ambiente. Delitos relativos al mercado y a los consumidores. Abuso de información privilegiada 
020 |a 9507410783 
700 1 |a Bacigalupo, Enrique,  |e dir. 
650 7 |a DERECHO PENAL 
859 |a DERECHO  |b BIB. DERECHO  |h 345  |i DER  |p 005512 
859 |a DERECHO  |b BIB. DERECHO  |h 345  |i DER  |p 005513  |t 1